| 000 | 01088nam0a22002771 4500 | ||
|---|---|---|---|
| 001 | rc\3563128 | ||
| 005 | 20130115140328.8 | ||
| 021 |
_aRU _b77-8048 |
||
| 021 |
_aRU _bРг4549-77 |
||
| 035 | _a(NLR Aleph) 007686997 | ||
| 090 |
_a6600270 _c6600270 |
||
| 100 | _a20130115d1976 |||y0rusy50 ca | ||
| 101 | 0 | _arus | |
| 102 | _aRU | ||
| 105 | _ab z ||||| | ||
| 200 | 1 |
_aАгрометеорологическое обоснование сроков посадки картофеля в Белоруссии _fВДНХ СССР. Павильон "Гидрометслужба СССР". Гл. упр. гидрометеорол. службы при Совете Министров СССР |
|
| 210 |
_a[Ленинград] _cГидрометеоиздат _d1976 |
||
| 215 |
_a8 с. _cкарт. _d21 |
||
| 300 | _aАвт. указан на 1-й с. | ||
| 320 | _aБиблиогр.: с. 8 | ||
| 700 | 1 |
_aПятовская _bЛ. К. _gЛариса Кузьминична |
|
| 801 | 0 |
_aRU _bNLR _gpsbo |
|
| 801 | 1 |
_aRU _bELAR _2rusmarc |
|
| 852 |
_aNLR _j77-4/7830 |
||
| 942 | _cBOOK | ||
| 980 | _aNB | ||